King Crimson - Epitaph - Lyrics - Statistics

General Stats
  • This quiz has been taken 53 times
  • The average score is 175 of 250
Answer Stats
Hint Answer % Correct
a
94%
be
94%
epitaph
94%
I
94%
my
91%
Verse 1 The
91%
the
91%
Will
91%
will
91%
Chorus Confusion
88%
all
85%
it
85%
we
85%
and
82%
And
82%
crying
82%
Crying
82%
I'll
82%
on
82%
at
79%
Is
79%
is
79%
as
76%
As
76%
But
76%
can
76%
cracking
76%
fear
76%
make
76%
If
73%
of
73%
wall
73%
which
73%
Yes
73%
back
70%
in
70%
laugh
70%
prophets
70%
sit
70%
wrote
70%
crawl
64%
seams
64%
tommorow
64%
broken
61%
man
61%
path
61%
see
61%
Who
61%
who
61%
fate
58%
When
58%
cracked
55%
fools
55%
hands
55%
mankind,
55%
no
55%
death
52%
know
52%
Upon
52%
brightly
48%
instruments
48%
one
48%
rules
48%
screams
48%
sunlight
48%
are
45%
by
45%
dreams
45%
drowns
45%
Knowledge
45%
Silence
45%
silence
45%
With
45%
with
45%
deadly
42%
every
42%
friend
42%
gleams
42%
laurel
42%
lay
42%
nightmares
42%
sets
42%
were
42%
wreath
42%
apart
39%
known
39%
torn
39%
seeds
33%
Verse 2 Between
30%
gates
30%
sown
30%
those
30%
time
30%
watered
30%
iron
27%
deeds
24%
No matching quizzes found
Score Distribution
Percent of People with Each Score
Percentile by Number Answered
Your Score History
You have not taken this quiz